<The> Transformational Leader

Salvato in:
Dettagli Bibliografici
Autore principale: Tichy, Noel M.
Altri autori: Devanna, Mary Anne
Natura: Libro
Lingua:inglese
Pubblicazione: New York John Wiley and Sons 1990
Edizione:2. ed.
Soggetti:
Tags: Aggiungi Tag
Nessun Tag, puoi essere il primo ad aggiungerne!!

MARC

LEADER 00000nam a2200000 4500
001 c020075
005 20221206122749.7
020 |a 0-471-62334-2 
041 0 |a eng 
044 |a US 
245 1 0 |a <The> Transformational Leader  |c Noel M. Tichy, Mary Anne Devanna 
250 |a 2. ed. 
264 1 |a New York  |b John Wiley and Sons  |c 1990 
300 |a 306 s. 
610 2 0 |a zmeny organizačné 
610 2 0 |a vedenie 
610 2 0 |a vedenie podniku 
610 2 0 |a pracovníci riadiaci 
610 2 0 |a pracovníci vedúci 
100 1 |a Tichy, Noel M. 
700 1 |a Devanna, Mary Anne